01154nam a2200277Ia 4500001001200000003000800012006001900020007001500039008004100054020001500095040002100110035002000131050002300151245017400174260004100348300002600389504005100415533015200466650001500618650002200633655002900655700003200684710001700716856012600733999001700859ebr10053301CaPaEBRm u cr cn|||||||||040624s2002 nyua gsb 001 0 eng d z0306475510 aCaPaEBRcCaPaEBR a(OCoLC)7072067914aQD569b.E43 2002eb00aElectrochemical activation of catalysish[electronic resource] :bpromotion, electrochemical promotion, and metal-support interactions /cCostas G. Vayenas ... [et al.]. aNew York :bKluwer Academic,cc2002. axxxii, 574 p. :bill. aIncludes bibliographical references and index. aElectronic reproduction.bPalo Alto, Calif. :cebrary,d2009.nAvailable via World Wide Web.nAccess may be limited to ebrary affiliated libraries. 0aCatalysis. 0aElectrocatalysis. 7aElectronic books.2local1 aVayenas, C. G.q(Costas G.)2 aebrary, Inc.40uhttp://site.ebrary.com/lib/rucke/Doc?id=10053301zAn electronic book accessible through the World Wide Web; click to view c66186d66186